[Event "FIDE World Cup"]
[Site "Khanty-Mansiysk"]
[Date "2005.12.01"]
[Round "2.2"]
[White "Najer, Evgeniy"]
[Black "Mamedyarov, Shakhriyar"]
[Result "1/2-1/2"]
[WhiteElo "2641"]
[BlackElo "2674"]
[Annotator "Huzman,A"]
[PlyCount "79"]
[EventDate "2005.11.27"]
[EventType "k.o."]
[EventRounds "7"]
[EventCountry "RUS"]
[SourceTitle "CBM 111"]
[Source "ChessBase"]
[SourceDate "2006.04.04"]
[SourceVersion "1"]
[SourceVersionDate "2006.04.04"]
[SourceQuality "1"]

1. e4 e5 2. Nf3 d6 3. d4 exd4 4. Nxd4 Nf6 5. Nc3 Be7 6. Bc4 O-O 7. O-O c6 8. a3
Re8 (8... Bg4 9. Nde2 d5 10. exd5 cxd5 11. Nxd5 Nxd5 12. Bxd5 Bxe2 13. Qxe2
Qxd5 14. Qxe7 $16 {1-0 Warkentin,P-Weis,T/Koblenz 2002/EXT 2004 (36)}) 9. Ba2
Bf8 (9... Nbd7 $5 {is more precise, since the Bexchange is not to be feared}
10. Nf5 Ne5 11. Nxe7+ Qxe7 12. Bg5 (12. Qd4 Be6) (12. f3 Be6 $11) 12... h6 13.
Bh4 Ng6 14. Bg3 Nxe4 15. Nxe4 Qxe4 16. Qxd6 Bf5 $11) 10. Bg5 Nbd7 (10... h6 11.
Bh4 g5 12. Bg3 Nxe4 13. Nxe4 Rxe4 14. c3 $5 $44 {[%cal Ga2b1]} (14. f3 Re8 15.
f4 $44)) 11. f4 {I believe, it's a hasty move which is weakening the a7-g1
diagonal.} (11. Re1 h6 12. Bh4 Ne5 13. Qd2 Ng6 14. Bg3 Nh5 $132) 11... Nc5 ({
Black could have already taken advantage of the diagonal weakness by} 11... Qb6
$5 12. Re1 d5 (12... Qxb2 $4 13. Na4 $18) 13. e5 Nc5 $1 {[%cal Yf6e4]} (13...
Bc5 14. Na4 Bxd4+ 15. Kh1 Qb5 16. Qxd4 Ne4 17. Rxe4 dxe4 18. Bb3 (18. Qxe4 Nb6
$15) 18... h6 19. Bh4 $44 {[%cal Ga4c3,Gc3e4]}) 14. exf6 (14. Bxf6 Ne6 15. Bxg7
Bxg7 16. Nce2 f6 $1 $36) 14... Rxe1+ 15. Qxe1 Ne6 16. Kh1 (16. Rd1 Nxd4 17. Na4
Nf3+ 18. Kh1 Nxe1 19. Nxb6 axb6 20. Rxe1 Bf5 $17) 16... Qxd4 17. Rd1 Qb6 $13)
12. Qf3 (12. e5 $5 dxe5 13. fxe5 Rxe5 14. Bxf7+ (14. Bxf6 gxf6 15. Kh1 Be6 $15)
14... Kxf7 15. Nxc6 Qe8 16. Nxe5+ Qxe5 17. Qd2 Ne6 18. Bxf6 gxf6 19. Kh1 $13)
12... Ne6 ({Once again Black could strike along the Achilles diagonal:} 12...
Bg4 $1 13. Qe3 (13. Qg3 Ncxe4 14. Nxe4 Rxe4 15. c3 Be2 16. Rfe1 Ba6 $15) (13.
Qxg4 Nxg4 14. Bxd8 Raxd8 15. Rae1 Nf6 16. e5 dxe5 17. fxe5 Rxd4 18. exf6 $11)
13... d5 14. e5 Qb6 $1 15. Bxf6 (15. Bh4 Nfe4 $15) 15... Ne6 $1 16. Bh4 Qxd4
17. Qxd4 Nxd4 18. Bf2 Ne6 $15) 13. Nf5 (13. Bxe6 $5 Bxe6 14. Nxe6 Rxe6 15. Kh1
$14) (13. Rad1 $1 Nxd4 14. Rxd4 d5 15. Kh1 $36) 13... d5 $1 {As far as black
is concerned, this space-gaining breakthrough leads to a defendable endgame.}
14. exd5 (14. e5 Nxg5 15. fxg5 Rxe5 $19) 14... Nc7 (14... Qb6+ 15. Kh1 Nxd5 16.
Bxd5 cxd5 17. Nxd5 $18) 15. Ne3 Bc5 16. f5 (16. Rae1 cxd5 (16... Ncxd5 17.
Ncxd5 cxd5 18. Kh1 Rxe3 19. Rxe3 Bg4 20. Bxf6 Qxf6 21. Qxg4 Bxe3 22. Bxd5 Qxb2
23. f5 $36) (16... Bg4 17. Qg3 cxd5 (17... Bxe3+ 18. Rxe3 Rxe3 19. Qxe3 Ncxd5
20. Nxd5 Nxd5 21. Qxa7 $1 $16 f6 $140 22. Qxb7 $1 Kh8 23. Bh4 Ne3 24. Rb1 $16)
18. Na4 Rxe3 19. Rxe3 Bxe3+ 20. Qxe3 Qe8 $132) 17. Na4 Bxe3+ 18. Rxe3 Bf5 19.
Rxe8+ Ncxe8 $132) 16... h6 (16... Ncxd5 17. Ncxd5 cxd5 18. Rae1 h6 19. Bxf6
Qxf6 20. b4 Bb6 21. Kh1 $16) 17. Bxf6 (17. Na4 hxg5 18. Nxc5 Ncxd5 19. Nxd5
cxd5 $11) 17... Qxf6 18. Ne4 Bxe3+ 19. Qxe3 Qe5 20. Qc3 (20. Qg3 $5 Qxg3 (20...
Qxe4 21. Qxc7 cxd5 22. Qc5 $1 $16) (20... cxd5 21. Qxe5 {-SEE GAME} (21. f6
Qxg3 22. Nxg3 g6 $11)) 21. Nxg3 Nxd5 22. Rae1 $14) 20... cxd5 (20... Qxe4 21.
Rae1 Qg4 22. h3 (22. d6 $16) 22... Qg5 23. d6 $16) 21. Qxe5 Rxe5 22. Nd6 Bd7
$14 23. Rae1 Rxe1 24. Rxe1 Kf8 25. c4 (25. Nxb7 Rb8 26. Nc5 Bxf5 27. b4 Re8 $11
) 25... Bc6 $11 26. f6 gxf6 27. cxd5 (27. Nf5 dxc4 28. Bxc4 h5 $11) 27... Bxd5
(27... Nxd5 28. Nf5 h5 $11) 28. Bxd5 Nxd5 29. Rd1 Ne3 30. Re1 Nc2 31. Re2 Rd8
32. Nxb7 Rd1+ 33. Kf2 Nd4 34. Re4 Rd2+ 35. Ke3 Rxb2 36. Rxd4 Rxb7 37. Ra4 Kg7
38. Kf4 Kg6 39. g4 Rb2 40. Ke4 1/2-1/2

[Event "Ciocaltea Memorial"]
[Site "Bucharest"]
[Date "2001.03.07"]
[Round "4"]
[White "Brodsky, Michail"]
[Black "Nisipeanu, Liviu Dieter"]
[Result "0-1"]
[WhiteElo "2527"]
[BlackElo "2596"]
[Annotator "Huzman,A"]
[PlyCount "80"]
[EventDate "2001.03.04"]
[EventType "tourn"]
[EventRounds "11"]
[EventCountry "ROU"]
[EventCategory "12"]
[SourceTitle "CBM 082"]
[Source "ChessBase"]
[SourceDate "2001.05.17"]
[SourceVersion "1"]
[SourceVersionDate "2001.05.17"]
[SourceQuality "1"]

1. e4 {Bangiev} e5 2. Nf3 d6 3. d4 exd4 4. Nxd4 Nf6 5. Nc3 Be7 6. Bf4 O-O 7.
Qd2 d5 8. Ndb5 c6 $146 {[%mdl 512] Bangiev: 'Ein neuer Zug. Schwarz opfert den
Turm a8 mit der Absicht die taktische Initiative zu ergreifen. Man beachte den
König des Weißen in der Mitte. Ein wichtiges Motiv besteht im Vorstoß d4 mit
dem nachfolgendem Schlagen auf e4, was zur Öffnung der e-Linie führt. '} ({
Hier wurde meinst 8...Bb4 gespielt, z.B.} 8... Bb4 {Bangiev} 9. O-O-O c6 10.
Nc7 Nxe4 11. Qe3 Bc5 (11... Bxc3 {Bangiev} 12. bxc3 g5 13. Bg3 f5 14. Nxa8 f4
15. Qxa7 fxg3 16. Bd3 Nxf2 17. Qxb8 $14 {1-0 Yagupov,I-Kozlov,M/Tula 2000/(55)}
) 12. Qxe4 Qxc7 13. Bxc7 dxe4 14. Nxe4 Bb6 15. Bxb6 axb6 16. a3 Nd7 17. Bc4 Nc5
18. Rhe1 $14 {1-0 Yagupov,I-Kuzmin,G/Alushta 1999/(40)}) 9. Nc7 d4 {'!'
Bangiev.} 10. Ne2 ({The quality of Nisipeanu' s idea depends on the assessment
of the following line} 10. Nxa8 dxc3 11. Qxd8 (11. Qxc3 {Bangiev} Nxe4 12. Qe5
Bb4+ 13. c3 Re8 $17) 11... Rxd8 (11... Bxd8 {Bangiev} 12. b3 (12. Bxb8 {Bangiev
} cxb2 13. Rb1 Ba5+ 14. Ke2 Bg4+ 15. f3 Nxe4 16. Be5 Rxa8 $13) 12... Nbd7 13.
f3 $14) 12. bxc3 (12. Bxb8 cxb2 13. Rb1 Bb4+ 14. Ke2 Nxe4 15. Rxb2 Bc5 16. Kf3
(16. Bg3 Bg4+ 17. f3 Nc3+ 18. Ke1 Rd1#) 16... Nxf2 17. Bc7 Rd5 18. Rg1 Nd1 $17)
12... Nxe4 13. Bd3 (13. Bxb8 Bf6 14. Bd3 Bf5 $44) 13... Bd6 (13... Nd6 14. O-O
$16) 14. Be3 Nxc3 (14... Nc5 15. Rd1 Nxd3+ 16. Rxd3 (16. cxd3 b6 17. a4 Nd7 18.
a5 Ba6 19. Nxb6 axb6 20. axb6 Rb8 $11) 16... Bf5 17. Rd2 b6 18. O-O $16) 15.
Bxa7 Na6 16. Be3 Be6 17. Nb6 Nxa2 $44 (17... Nb4 18. a3 Nxd3+ 19. cxd3 Be5 20.
Nc4 Bf6 $44)) 10... g5 $1 {[%mdl 64]} 11. Be5 (11. Nxa8 gxf4 12. Qxf4 Na6 13.
Ng3 Nb4 (13... Qa5+ 14. Kd1 Qb4 15. Rb1 $13) 14. O-O-O Nfd5 15. Qf3 Nxa2+ 16.
Kb1 Ndc3+ 17. bxc3 Nxc3+ 18. Qxc3 dxc3 19. Rxd8 Bxd8 $17 {[%cal Yb7b5,Yc8b7,
Yb7a8]}) 11... Nbd7 (11... Nxe4 12. Qxd4 $18) 12. Bxf6 (12. Qxg5+ Kh8 13. O-O-O
(13. Nxa8 Qa5+ 14. Qd2 Qxd2+ (14... Qxe5 15. Qxd4 Nxe4 16. f3 Nef6 $44 {
[%csl Ra8]}) 15. Kxd2 Nxe5 16. Ng3 Bd7 17. f4 Ng6 $17 {[%csl Ra8]})) 12... Nxf6
13. Qxg5+ (13. Nxa8 Nxe4 14. Qxd4 Bf5 $17) 13... Kh8 14. Nxa8 Re8 $1 15. f3 (
15. e5 Ne4 16. Qf4 Qa5+ 17. c3 dxc3 18. bxc3 Nxc3 (18... Bb4 19. Rc1 Nxc3 20.
Qf6+ $11) 19. Qd2 Bb4 20. a3 Nxe2 21. Qxb4 Qxe5 $19) (15. O-O-O Nxe4 16. Qh5
Nxf2 {[%cal Yc8g4]} 17. Rxd4 (17. Nxd4 Bg4 18. Qe5+ Bf6 $19) 17... Bg5+ 18. Kb1
Qxd4 $19) 15... Nxe4 16. Qe5+ Kg8 (16... Bf6 17. Qc7 Qd5 18. fxe4 $18) 17. Qxd4
(17. Qxe4 Bb4+ 18. c3 Rxe4 19. fxe4 dxc3 20. bxc3 Bc5 $17) (17. Qf4 Bd6 $17)
17... Bc5 (17... Bh4+ 18. g3 (18. Kd1 Nf2+ 19. Kc1 Qxd4 20. Nxd4 Bg5+ $19)
18... Qxd4 19. Nxd4 Nxg3+ $17) 18. Qxe4 (18. Qxd8 Bf2+ 19. Kd1 Rxd8+ 20. Nd4
Bxd4 $19) 18... Rxe4 19. fxe4 Be3 20. Rd1 Bf2+ 21. Kxf2 Qxd1 $17 {[%csl Ra8]
The poor development of White and position of Na8 determines big advantage
ofBlack.} 22. c3 Qd2 23. g3 Qxb2 24. Bg2 Bg4 25. Bf3 Bxf3 26. Kxf3 Qd2 $19 27.
Rf1 Qd3+ 28. Kf2 Qxe4 29. Nd4 Qe8 30. Nc7 Qd7 31. Na6 bxa6 32. Rb1 c5 33. Rb8+
Kg7 34. Ne2 Qd2 35. Rc8 Qxa2 36. Rxc5 a5 37. Kf3 a4 38. Nd4 a3 39. Nf5+ Kf6 40.
Nd6 Qb1 0-1

[Event "CRO-ch"]
[Site "Zagreb"]
[Date "2004.11.21"]
[Round "6"]
[White "Palac, Mladen"]
[Black "Stevic, Hrvoje"]
[Result "1-0"]
[WhiteElo "2543"]
[BlackElo "2539"]
[Annotator "Huzman,A"]
[PlyCount "71"]
[EventDate "2004.11.16"]
[EventType "tourn"]
[EventRounds "11"]
[EventCountry "CRO"]
[EventCategory "10"]
[SourceTitle "CBM 105"]
[Source "ChessBase"]
[SourceDate "2005.04.11"]
[SourceVersion "1"]
[SourceVersionDate "2005.04.11"]
[SourceQuality "1"]

1. e4 e5 2. Nf3 d6 3. d4 exd4 4. Nxd4 Nf6 5. Nc3 Be7 6. g3 d5 7. e5 Ng4 8. Bg2
$5 Nxe5 (8... c5 9. Ndb5 a6 10. Nd6+ Bxd6 11. exd6 d4 12. Qe2+ Kf8 13. Nd5 $16
{1-0 Smagin,S-Antoshin,V/Moscow 1982/MCD (41)}) 9. Qe2 (9. Nxd5 Bd6 (9... O-O
$5) 10. Nb5 c6 (10... O-O $142) 11. Nf6+ Ke7 12. Nxd6 Qxd6 13. Qxd6+ Kxd6 14.
Ne4+ Kc7 15. Bf4 $16 {1-0 Ivanisevic,I-Tratar,M/Ljubjana SLO 2004/(46)}) 9...
Nec6 (9... Nbc6 $5 10. Nxc6 Nxc6 11. Nxd5 O-O (11... Bh3 $5 12. Nf6+ gxf6 13.
Bxh3 Qd5 14. O-O Nd4 15. Qd3 Nf3+ 16. Kh1 Qxd3 17. cxd3 Nd4 18. Be3 Rd8 19.
Rfe1 $16) (11... Be6 12. Nf4 Nd4 13. Nxe6 fxe6 14. Qd1 $16) 12. Nxe7+ Qxe7 (
12... Nxe7 13. Bg5 f6 14. Rd1 Qe8 15. Bf4 $16) 13. Qxe7 Nxe7 14. Bf4 $14) 10.
Be3 $1 Nxd4 11. Bxd4 O-O 12. Nxd5 Bb4+ (12... Bg5 13. f4 c6 (13... Re8 $5 14.
Be3 (14. Be5 Nc6 $11) 14... Be7 15. O-O-O $36) 14. O-O cxd5 15. fxg5 Nc6 16.
Bc5 Re8 17. Qf2 Be6 18. h4 $14 {1-0 Vesselovsky,S-Novak,I/Tatranska Lomnica
1997/EXT 99 (56)}) 13. Nxb4 Qxd4 14. c3 Qd8 (14... Qc5 $5 15. Nd5 $1 {[%cal
Gb2b4]} (15. O-O-O c6 16. Rhe1 Be6 $14) 15... Be6 16. b4 Qd6 17. Rd1 Bxd5 18.
Bxd5 Qb6 19. O-O c6 20. Bb3 $16) 15. Rd1 Qe8 16. Nd5 $16 {[%mdl 4] White have
clear advantage because each of their pieces is more active than Black's one.}
Na6 17. Ne7+ Kh8 18. O-O Rb8 19. Rfe1 (19. Rd2 $1 Bg4 (19... Be6 20. Nc6 bxc6
21. Qxa6 $16) 20. Qxg4 Qxe7 21. Rd7 $16) 19... Be6 20. Nc6 $1 bxc6 21. Qxa6
Rxb2 22. Qxa7 Qb8 23. Qxb8 Rfxb8 24. a4 g6 (24... R2b3 25. Re3 c5 $16) 25. Bxc6
(25. Ra1 $5) 25... R8b6 $2 (25... R8b3 $1 $132 26. Re3 (26. Bd7 Bc4 27. Re5
Rxc3 28. Rc5 Rcc2 $132) 26... Rc2 27. Ra1 Rbxc3 28. Rxc3 Rxc3 29. Bb7 Rb3 30.
Bg2 Rb6 (30... Bc4 31. a5 Ba6 32. Bf1 Bxf1 33. Kxf1 Rb7 34. a6 Ra7 35. Ke2 $16)
31. a5 Ra6 32. Bf1 Ra7 $14) 26. Bb5 $18 Bb3 (26... Rc2 27. Rc1 Rxc1 28. Rxc1 c6
29. Bf1 $18) 27. Ra1 Rc2 (27... Kg7 28. Re2 Rxe2 29. Bxe2 $18) 28. Bf1 $1 {
[%cal Ga4a8]} Rxc3 29. a5 Rb7 30. Ra3 $1 c5 $2 (30... Kg7 31. Re8 $1 (31. Bg2
Ra7 32. Bd5 Bxd5 (32... Rxg3+ 33. fxg3 Bxd5 34. Kf2 $18) 33. Rxc3 Rxa5 34. Rxc7
$16) 31... Rc1 $1 32. a6 Bc4 33. axb7 Bxf1 34. Rae3 $1 (34. Rc3 Ra1 35. Rg8+
Kh6 36. f4 Ba6+ 37. Kf2 Bxb7 38. Rxc7 Bd5 $16) 34... Ba6+ 35. Re1 Rxe1+ 36.
Rxe1 Bxb7 37. Re7 $18) 31. a6 Ra7 32. Re8+ Kg7 33. Rb8 c4 34. Rb7 Ra8 35. a7
Rc1 36. Rb8 1-0

[Event "Linklater Memorial"]
[Site "San Francisco"]
[Date "2001.03.06"]
[Round "9"]
[White "Shahade, Gregory P"]
[Black "Lakdawala, Cyrus"]
[Result "1-0"]
[WhiteElo "2456"]
[BlackElo "2436"]
[Annotator "Huzman,A"]
[PlyCount "61"]
[EventDate "2001.02.26"]
[EventType "tourn"]
[EventRounds "10"]
[EventCountry "USA"]
[EventCategory "8"]
[SourceTitle "CBM 082"]
[Source "ChessBase"]
[SourceDate "2001.05.17"]
[SourceVersion "1"]
[SourceVersionDate "2001.05.17"]
[SourceQuality "1"]

1. e4 {Ernst} d6 2. d4 Nf6 3. Nc3 e5 4. Nf3 Nbd7 5. Bc4 Be7 6. O-O O-O 7. Re1
c6 8. a4 b6 9. d5 cxd5 {'?' Ernst.} (9... c5 $14 {Ernst}) 10. Nxd5 Nxd5 11.
Bxd5 Rb8 12. Qd3 Nf6 13. Bb3 h6 14. Nd2 $5 {[%cal Gd2f1,Gf1e3,Gf1g3] This is a
very strong plan ,which gives White strong pressure. '!' Ernst.} (14. Bd2 Bb7
15. Rad1 d5 (15... Qc7 16. Nh4 d5 17. Nf5 Rfd8 18. Qg3 $18 {1-0 Jansa,V-Hesse,
P/BL2-O 1992/GER-chT2 (23)}) 16. Nxe5 Nxe4 17. Bf4 (17. Bxh6 $1 gxh6 18. Rxe4
dxe4 19. Qg3+ Kh7 20. Rxd8 Rbxd8 21. Qg4 $16) 17... Bg5 18. Bxg5 Qxg5 19. Nf3
Qf4 20. Qe3 Qxe3 21. Rxe3 Nc5 22. Nd4 Rfe8 23. Rxe8+ Rxe8 $11 {Korneev,
O-Panchenko,A/Russia (ch) 1995/ (23)}) 14... Bb7 15. Nf1 Re8 $1 (15... Qc7 16.
Ng3 Rfd8 17. Nf5 Bf8 18. Qf3 $36) 16. Ng3 {'+/-' Ernst.} Bf8 17. Nf5 d5 18. Qg3
Kh7 (18... Nxe4 19. Nxh6+ Kh7 20. Rxe4 dxe4 21. Bg5 $18) (18... Kh8 $142 19.
exd5 Nxd5 20. Ne3 (20. Rd1 $2 Nc3 $3 21. Re1 (21. Rxd8 Ne2+ 22. Kf1 Nxg3+ $19)
21... Ne2+ $19) 20... Nxe3 21. Bxe3 Qc7 $11) 19. exd5 Nxd5 20. Ne3 (20. Rxe5 $6
{Ernst} Qf6 21. Rxe8 Rxe8 22. Ne3 Bd6) 20... Nxe3 21. Bxe3 Qc7 {[%cal Yf7f5]}
22. h4 $1 Rbd8 23. Rad1 f5 $2 {This move decisively weaken white squares near
Black king.} (23... Bd6 24. Qg4 Bc8 25. Qh5 Re7 26. c3 $36) (23... Rxd1 {Ernst}
24. Rxd1 Bc5) 24. h5 $1 f4 (24... Qc6 25. Bf7 Rxd1 26. Rxd1 $18 {[%cal Gg3g6]})
25. Qg6+ Kh8 {[%tqu "En","Find a winning combination .","","","e3f4","",10]}
26. Bxf4 $1 {[%mdl 64]} exf4 27. Qxe8 $1 Rxe8 28. Rxe8 Qc5 29. Rdd8 Qxh5 30.
Rxf8+ Kh7 31. Bg8+ $18 1-0

[Event "Corus"]
[Site "Wijk aan Zee"]
[Date "2005.01.18"]
[Round "4"]
[White "Short, Nigel D"]
[Black "Morozevich, Alexander"]
[Result "1-0"]
[WhiteElo "2674"]
[BlackElo "2741"]
[Annotator "Huzman,A"]
[PlyCount "85"]
[EventDate "2005.01.15"]
[EventType "tourn"]
[EventRounds "13"]
[EventCountry "NED"]
[EventCategory "19"]
[SourceTitle "CBM 105"]
[Source "ChessBase"]
[SourceDate "2005.04.11"]
[SourceVersion "1"]
[SourceVersionDate "2005.04.11"]
[SourceQuality "1"]

1. e4 e5 2. Nf3 d6 3. d4 exd4 4. Nxd4 Nf6 5. Nc3 Be7 6. Bf4 O-O 7. Be2 Re8 8.
Qd2 (8. O-O Bf8 (8... Nbd7 9. Re1 Bf8 10. Bf1 Ne5 11. h3 c6 12. Bg3 Qb6 13. Na4
Qa5 14. c4 Ng6 15. Nc3 Nh5 16. Bh2 Nhf4 17. Qf3 Ne6 18. Nf5 Ne5 19. Qg3 g6 20.
f4 $36 {1-0 Fogarasi,T-Petran,P/Budapest 1995/EXT 98 (37)}) (8... a6 9. a4 Bf8
10. Bd3 Nbd7 11. Bg3 c6 12. a5 Nc5 13. Re1 g6 14. h3 Nh5 15. Bh2 Qf6 16. Nde2
Qh4 17. Qd2 Be6 $11 {0-1 Acher,M-Genocchio,D/Montecatini Terme 2001/CBM 80 ext
(40)}) 9. Bg5 (9. Bf3 Nbd7 10. h3 (10. g3 g6 11. Re1 Bg7 12. Bg2 a5 13. Ndb5
Ne5 14. Bg5 Be6 15. Nd5 Bxd5 16. exd5 Qd7 17. a4 $14 {0-1 Buxade Roca,G-De la
Paz,F/Sitges 2003/CBM 95 ext (51)}) 10... Ne5 11. Re1 Nxf3+ 12. Qxf3 Nd7 13.
Rad1 Ne5 14. Qg3 $14 {1-0 Pavlov,M-Kalinina,V/Alushta 2001/EXT 2003 (43)}) (9.
f3 c6 10. Kh1 b5 11. a3 a6 12. Qd2 c5 13. Nb3 Ra7 14. Rad1 Rd7 15. Nxb5 axb5
16. Bxb5 Re6 17. Bxd7 Nbxd7 18. Na5 Ba6 19. c4 $16 {1-0 Murey,J-Scalcione,M/
Arco 2001/CBM 85 ext (39)}) 9... h6 10. Bh4 (10. Bxf6 Qxf6 11. Nd5 Qd8 12. Bd3
c6 13. Ne3 Nd7 14. c3 Nf6 15. Qf3 g6 $15 {1/2-1/2 Zrinscak,S-Littlewood,J/Bad
Wildbad 1997/EXT 99 (26)}) 10... g5 11. Bg3 Nxe4 12. Nxe4 Rxe4 13. Qd3 d5 14.
Nb5 Na6 15. Bf3 Re8 16. Bxd5 $16 {1-0 Zagrebelny,S-Vorotnikov,V/Belgorod 1989/
TD (68)}) (8. f3 c6 9. Qd2 d5 10. O-O-O dxe4 11. Nxe4 Nd5 (11... Nxe4 $5) 12.
Bc4 Nd7 13. Rhe1 N7b6 14. Bb3 $14 {1/2-1/2 Mokriak,A-Kodinets,K/Briansk 1995/
EXT 98 (16)}) 8... Nc6 9. O-O Bf8 (9... Nxd4 10. Qxd4 Nd7 11. Nd5 Bf6 12. Nxf6+
Qxf6 13. Qxf6 Nxf6 14. f3 $14) 10. f3 a6 ({Black could try to free his
position by the typical break in the centre} 10... d5 $5 11. Ndb5 (11. Nxc6
bxc6 12. e5 Nd7 13. Bg5 Be7 14. Bxe7 Qxe7 15. f4 Rb8 16. b3 f6 17. exf6 Nxf6
$11) (11. exd5 Nxd5 12. Nxc6 bxc6 $132) 11... d4 (11... Bc5+ 12. Kh1 d4 13. Na4
$16) 12. Na4 (12. Nd5 Nxd5 13. exd5 Bc5 $1 14. Bc4 Ne5 15. Bxe5 Rxe5 16. Nxd4
c6 $11) 12... Re7 13. Rad1 Rd7 14. c3 d3 15. Bxd3 a6 16. Nxc7 Rxc7 17. Qe3 $13
(17. Bxc7 Qxc7 $13)) 11. Nxc6 bxc6 12. Rad1 $14 Be6 13. Na4 {[%cal Gd2a5]} a5
14. b3 Qb8 15. c4 d5 $6 {Now this attempt to breakthrough only leads to
weakening the position of Kg8.} 16. cxd5 cxd5 17. Bg5 dxe4 (17... Be7 18. e5
Bb4 (18... Nd7 19. Bxe7 Rxe7 20. f4 $16) 19. Qe3 Nd7 20. f4 $36) 18. Bxf6 gxf6
(18... e3 19. Qxe3 gxf6 20. Qf2 {[%csl Ra5,Rc7,Rf6,Rf7,Rh7]} Qa7 $14 {/+/-})
19. fxe4 Qb4 20. Qf4 f5 21. Bd3 (21. Bh5 $5 Qxe4 $140 $2 22. Qg5+ Bg7 23. Bf3
$18) 21... Qd4+ (21... Bd7 $5 22. Qg5+ Kh8 23. exf5 Bxa4 24. bxa4 Rad8 $44) (
21... fxe4 22. Bxe4 Bxb3 23. axb3 Qxe4 24. Qxf7+ Kh8 25. Qxc7 Qe3+ 26. Kh1 Qxb3
27. Rd7 Qg8 28. Nb6 Rab8 29. Nd5 Rb2 30. Qc3+ Bg7 31. Nf6 $36) 22. Kh1 Bd6 (
22... Rad8 23. Be2 Qf6 (23... Qg7 24. Rxd8 Rxd8 25. exf5 Bd5 26. Bf3 $16) 24.
Rxd8 Rxd8 25. exf5 $16) 23. Qh4 f4 (23... Qg7 $142 24. exf5 Bd5 25. Rf2 h6 $16
{[%cal Yg7g5]}) 24. Bb5 Qe5 (24... Qxe4 25. Bxe8 Rxe8 26. Nc5 $1 $18 Bxc5 $140
27. Qg5+ $18) 25. Bxe8 Rxe8 26. Qf2 $1 {[%cal Ga4b2]} f5 (26... Qxe4 27. Rde1 (
27. Rfe1 Qc6 28. Rc1 Qa8 29. Nc3 $18 {[%cal Gc3e4]}) 27... Qc6 28. Nb2 $18) 27.
exf5 Qxf5 (27... Bxf5 28. Nb2 $18) 28. Nb2 Bd5 29. Nc4 f3 30. gxf3 Bc5 31. Qg3+
Kh8 32. Rd2 a4 33. Rg2 Bd4 34. Qg4 (34. Re1 $5) 34... Qd3 35. Nd2 Rg8 (35...
axb3 36. Rfg1 Qe3 37. Nxb3 Bf6 38. Rg3 $18) 36. Qh3 Rf8 (36... Rxg2 37. Qxg2
Be3 38. Nc4 $18) 37. Qh6 Re8 (37... Qf5 $142 $16) 38. Qh5 Re5 39. Qg4 Rf5 40.
Re1 Rf8 41. Qf4 $1 Rg8 (41... Bg7 42. Qxc7 Rg8 43. Re8 $18) 42. Rxg8+ Bxg8 43.
Re5 $1 1-0

[Event "Bundesliga 0405"]
[Site "Germany"]
[Date "2005.01.30"]
[Round "9.1"]
[White "Naiditsch, Arkadij"]
[Black "Nisipeanu, Liviu Dieter"]
[Result "1/2-1/2"]
[WhiteElo "2611"]
[BlackElo "2687"]
[Annotator "Huzman,A"]
[PlyCount "71"]
[EventDate "2004.11.12"]
[EventType "team-tourn"]
[EventRounds "15"]
[EventCountry "GER"]
[SourceTitle "CBM 106"]
[Source "ChessBase"]
[SourceDate "2005.06.06"]
[SourceVersion "1"]
[SourceVersionDate "2005.06.06"]
[SourceQuality "1"]
[WhiteTeam "Katernberg"]
[BlackTeam "Kreuzberg"]
[WhiteTeamCountry "GER"]
[BlackTeamCountry "GER"]

1. e4 e5 2. Nf3 d6 3. d4 exd4 4. Nxd4 Nf6 5. Nc3 Be7 6. Nde2 Nc6 7. g3 O-O (
7... Bd7 8. Bg2 Qc8 9. Nf4 O-O 10. O-O Re8 11. b3 Ne5 12. Bb2 c6 13. a4 a5 14.
Qd2 Qc7 $14 {0-1 Brkic,A-Pavasovic,D/Rabac CRO 2004 (45)}) (7... d5 8. exd5 Nb4
9. Bg2 Bf5 10. Nd4 Bg4 11. f3 Bh5 12. Nf5 O-O 13. a3 Nbxd5 14. Nxd5 Nxd5 15. c4
$14 {0-1 Timofeev,A-Fridman,D/Internet 2004/CBM 102 ext (26)} (15. Qxd5 Bb4+
16. axb4 Re8+ 17. Qe4 Rxe4+ 18. fxe4 Qd1+ 19. Kf2 Qxc2+ $17)) (7... h5 8. h3
Ne5 9. Bg2 c6 10. f4 Nc4 11. b3 Nb6 12. Bb2 Qc7 13. a4 a6 14. Qd2 Rg8 15. Rd1
Nbd7 16. O-O $16 {1-0 De Jong,M-Hofman,R/Wijk aan Zee 1997/CBM 60 ext (54)}) 8.
Bg2 Re8 9. h3 Rb8 {[%cal Yb7b5]} 10. f4 (10. a4 $5) 10... Nd7 (10... b5 $141 $4
11. e5) 11. O-O b5 12. Nd5 Bf8 13. g4 (13. Be3 $142 Nf6 14. Nec3 b4 15. Nxf6+
Qxf6 16. Nd5 $14) 13... Na5 $1 {Black prepares the breakthrough in the centre:
c6-d5. It is based on his development advantage.} 14. Ng3 (14. Nd4 c6 15. Ne3
Qc7 $11 {[%csl Re4]}) 14... c6 15. Ne3 d5 $1 {[%mdl 544]} 16. exd5 (16. e5 f6
17. exf6 Qxf6) 16... cxd5 17. Nxd5 (17. Qxd5 Bb7 18. Qd3 Qb6 $1 19. Qxd7 $140
$2 Rbd8 20. Qf5 Rxe3 $1 21. Kh2 (21. Bxe3 Qxe3+ 22. Kh2 Rd2 23. Rg1 Qf3 $19)
21... Ree8 22. Bxb7 Nxb7 $44) 17... Nf6 {White's difficulties with the
development of the Bc1 give Black a good compensation for the sacrificed pawn.}
18. Kh2 (18. Be3 Nxd5 19. Bxd5 Qc7 20. Bd4 Nc4 $44) (18. Nxf6+ Qxf6 19. Kh2 Nc4
$44) 18... Bb7 19. Ne3 (19. Nxf6+ Qxf6 20. Bxb7 Rxb7 21. Qd5 Qb6 22. f5 Nc4 23.
f6 g6 $44) 19... Qb6 20. Bxb7 (20. g5 Rbd8 21. Qe2 Nd5 22. Be4 Nc3 $1 23. Bxh7+
Kxh7 24. bxc3 Bc5 $17) 20... Qxb7 21. Qf3 Qxf3 22. Rxf3 Rbd8 {[%csl Rc1]} 23.
Ng2 $1 Rd1 24. Rd3 $1 Rxd3 25. cxd3 Rd8 26. Be3 ({White could still fight for
advantage by} 26. g5 $5 Nd5 (26... Ne8 27. Be3 $16) 27. Bd2 Nc6 28. Ne4 $14)
26... Rxd3 27. Bxa7 Rd2 28. b3 Nd5 29. Kh1 (29. Nf1 Re2 (29... Rb2 30. Bd4 Re2
31. Kg3 $14) 30. Kg3 Nc6 31. Be3 g5 $5 (31... Ba3 32. Rd1 Nc3 33. Rd3 Rc2 34.
Ne1 Ne2+ 35. Kf3 Rxa2 36. Nd2 $18) 32. Kf3 Nxe3 33. Ngxe3 Nd4+ 34. Ke4 gxf4 35.
Kxf4 Bh6+ 36. g5 Bg7 37. Rc1 h6 $44) 29... Nc6 30. Bg1 b4 $11 31. Re1 Rxa2 32.
Re8 Nf6 33. Rc8 Ne7 34. Rb8 Nc6 35. Rc8 Ne7 36. Rb8 (36. Rb8 Rb2 37. Nh5 $1
Nfd5 (37... Nxh5 38. gxh5 {[%cal Gg1c5,Gb8g8]} Rxb3 $140 39. Bc5 $18) 38. Ne3
$11) 1/2-1/2